Les sceptiques grecs / (Record no. 172625)

MARC details
000 -LEADER
campo de control de longitud fija 00851nam a2200241 i 4500
001 - NÚMERO DE CONTROL
campo de control 172625
003 - IDENTIFICADOR DE NÚMERO DE CONTROL
campo de control ES-MaACL
005 - FECHA Y HORA DE LA ÚLTIMA TRANSACCIÓN
campo de control 20250827231413.0
008 - DATOS DE LONGITUD FIJA--INFORMACIÓN GENERAL
campo de control de longitud fija 090731s2002 fr |||| | fre d
020 ## - NÚMERO INTERNACIONAL ESTÁNDAR DEL LIBRO
Número Internacional Estándar del Libro 2-253-90474-0
080 ## - NÚMERO DE LA CLASIFICACIÓN DECIMAL UNIVERSAL
Número de la Clasificación Decimal Universal 165.72(38)
100 1# - ENTRADA PRINCIPAL--NOMBRE DE PERSONA
Nombre de persona Brochard, Victor.
9 (RLIN) 31830
245 14 - MENCIÓN DEL TÍTULO
Título Les sceptiques grecs /
Mención de responsabilidad, etc. Victor Brochard ; présentation par Jean-François Balaudé.
260 ## - PUBLICACIÓN, DISTRIBUCIÓN, ETC.
Lugar de publicación, distribución, etc. Paris :
Nombre del editor, distribuidor, etc. Librairie Générale Française,
Fecha de publicación, distribución, etc. 2002.
300 ## - DESCRIPCIÓN FÍSICA
Extensión 440 p. ;
Dimensiones 18 cm.
490 1# - MENCIÓN DE SERIE
Mención de serie Le Livre de poche. Références ;
Designación de volumen o secuencia 474
650 04 - PUNTO DE ACCESO ADICIONAL DE MATERIA--TÉRMINO DE MATERIA
Término de materia o nombre geográfico como elemento de entrada Escépticos.
9 (RLIN) 12356
650 07 - PUNTO DE ACCESO ADICIONAL DE MATERIA--TÉRMINO DE MATERIA
Término de materia o nombre geográfico como elemento de entrada Escepticismo
Fuente del encabezamiento o término embne
9 (RLIN) 12353
700 1# - ENTRADA AGREGADA--NOMBRE PERSONAL
Nombre de persona Balaudé, Jean-François.
9 (RLIN) 141131
830 0# - PUNTO DE ACCESO ADICIONAL DE SERIE-TÍTULO UNIFORME
Título uniforme Le Livre de poche. Références ;
Designación de volumen o secuencia 474
9 (RLIN) 223395
852 4# - LOCALIZACIÓN
Ubicación ES-MaACL
Número de control de estantería E-12914
itemnumber R.139300
Nota libre . - Biblioteca Jacinto Martínez Lacalle
Holdings
Estatus retirado Estado de pérdida Estado de daño No para préstamo Biblioteca de origen Biblioteca actual Ubicación en estantería Fecha de adquisición Fuente de adquisición Total de préstamos Signatura topográfica completa Código de barras Visto por última vez Precio de reemplazo Tipo de ítem Koha
        Biblioteca del Ateneo de Madrid Biblioteca del Ateneo de Madrid Depósito 2 31/07/2009     E-12914 1181155 23/02/2023 23/02/2023 Libro impreso